| 000 | 00627nam a2200217 i 4500 | ||
|---|---|---|---|
| 001 | 128290 | ||
| 003 | ES-MaACL | ||
| 005 | 20230906193226.0 | ||
| 007 | t| | ||
| 008 | 070628s1944 ag a |||| |bspa d | ||
| 080 | _a7Grünewald | ||
| 100 | 1 |
_aZocchi, Juan. _9118320 |
|
| 245 | 1 | 0 |
_aGrünewald _b: vida y arte, paralelos espirituales / _cJuan Zocchi. |
| 260 |
_aBuenos Aires : _bPoseidón, _c[1944] ( _fLópez) |
||
| 300 |
_a230 p. : _bil. ; _c24 cm. |
||
| 490 | 1 | _aVidas y obras | |
| 600 | 1 | 4 |
_aGrünewald, Matthias. _960250 |
| 830 | 0 |
_aVidas y obras _9183424 |
|
| 852 |
_aES-MaACL _jD-7551 |
||
| 999 |
_c128290 _d128290 |
||